书目信息 |
| 题名: |
执手文学
|
|
| 作者: | 运涛 编著 | |
| 分册: | ||
| 出版信息: | 长春 吉林文史出版社 2017.5 |
|
| 页数: | 179页 | |
| 开本: | 21cm | |
| 丛书名: | ||
| 单 册: | ||
| 中图分类: | I217.1 | |
| 科图分类: | ||
| 主题词: | 中国文学--当代文学--作品综合集 | |
| 电子资源: | ||
| ISBN: | 978-7-5472-4232-2 | |
| 000 | 01097nam0 2200229 45 | |
| 001 | 012001011377 | |
| 005 | 20131017175400.0 | |
| 010 | @a978-7-5472-4232-2@dCNY39.00 | |
| 100 | @a20181029d2017 em y0chiy0110 ea | |
| 101 | 0 | @achi |
| 102 | @aCN@b220000 | |
| 105 | @ay z 000yy | |
| 106 | @ar | |
| 200 | 1 | @a执手文学@Azhi shou wen xue@f运涛编著 |
| 210 | @a长春@c吉林文史出版社@d2017.5 | |
| 215 | @a179页@d21cm | |
| 330 | @a本书荟萃了执手文学网2016年7-12月发表在网络上的300多位作者的精华作品,涵盖了小说、散文、诗歌、古韵、文学评论等各种文学文体。作者许多是中国作家协会、各省作家协会、各市作家协会的骨干会员。作品选择注重坚持服务人民,用积极的文艺歌颂人民,把人民的冷暖和幸福放在心中,把人民的喜怒哀乐倾注在自己的笔端,讴歌奋斗人生,刻画最美人物。体现了对生活素材进行判断,弘扬正能量,用文艺的力量温暖人、鼓舞人、启迪人,引导人们提升思想认识、文化修养、审美水准、道德水平,激励人们永葆积极向上的乐观心态和进取精神。 | |
| 606 | 0 | @a中国文学@z当代文学@x作品综合集 |
| 690 | @aI217.1@v5 | |
| 701 | 0 | @a运涛@Ayun tao@4编著 |
| 801 | 0 | @aCN@b上海新华@c20191020 |
| 905 | @b1183116-9@dI217.1@e1009@f4 | |
| 执手文学/运涛编著.-长春:吉林文史出版社,2017.5 |
| 179页;21cm |
| ISBN 978-7-5472-4232-2:CNY39.00 |
| 本书荟萃了执手文学网2016年7-12月发表在网络上的300多位作者的精华作品,涵盖了小说、散文、诗歌、古韵、文学评论等各种文学文体。作者许多是中国作家协会、各省作家协会、各市作家协会的骨干会员。作品选择注重坚持服务人民,用积极的文艺歌颂人民,把人民的冷暖和幸福放在心中,把人民的喜怒哀乐倾注在自己的笔端,讴歌奋斗人生,刻画最美人物。体现了对生活素材进行判断,弘扬正能量,用文艺的力量温暖人、鼓舞人、启迪人,引导人们提升思想认识、文化修养、审美水准、道德水平,激励人们永葆积极向上的乐观心态和进取精神。 |
| ● |
| 相关链接 |
|
|
|
|
正题名:执手文学
索取号:I217.1/1009
 
预约/预借
| 序号 | 登录号 | 条形码 | 馆藏地/架位号 | 状态 | 备注 |
| 1 | 1183116 | 211831160 | 第一样本阅览室/ [索取号:I217.1/1009] | 在馆 | |
| 2 | 1183117 | 211831179 | 第二借阅区/ [索取号:I217.1/1009] | 在馆 | |
| 3 | 1183118 | 211831188 | 第二借阅区/ [索取号:I217.1/1009] | 在馆 | |
| 4 | 1183119 | 211831197 | 第二借阅区/ [索取号:I217.1/1009] | 在馆 |